Представление документа в формате RUSMARC

ПолеНазваниеЗначение
  Тип записи a
  Библиографический уровень m
001 Контрольный номер RU/УГОНБ/EK/21936
005 Дата корректировки 20260317152325.0
010 Индекс ISBN __
d Цена 125 р.
9 Тираж 3000 экз.
100 Данные общей обработки __
a Данные общей обработки 19931021d1992 u u0rusy0189 ca
101 Язык документа 0_
a Язык текста rus
102 Страна публикации __
a Страна публикации RU
105 Кодированные данные (монография) __
a Кодированные данные (монография) y z 000yy
200 Заглавие и сведения об ответственности 1_
a Заглавие Экономика природопользования на предприятиях
e Сведения, относящиеся к заглавию сборник статей
f Первые сведения об ответственности Всероссийский научно-исследовательский и информационный центр "Экология"
g Последующие сведения об ответственности редактор Е. А. Батенина
210 Выходные данные 1_
a Место издания Москва
c Издательство ИМАККС
d Дата издания 1992
c Издательство Экология
215 Физическое описание __
a Объем 200 с.
606 Тематические рубрики 0_
a Основная рубрика Охрана окружающей среды на предприятиях
x Основная подрубрика Экономика
610 Ключевые слова 0_
a Ключевые слова природопользование
610 Ключевые слова 0_
a Ключевые слова экономика природопользования
686 Индексы других классификаций __
a Классификационный индекс 65.28
2 Код системы rubbk
702 Вторичная интеллектуальная ответственность _1
a Фамилия Батенина
b Имя (инициалы) Е. А.
4 Код отношения 340
712 Наименование организации (Вторичная ответственность) 02
a Организация/ юрисдикция Всероссийский научно-исследовательский и информационный центр "Экология"
4 Код отношения 570
801 Источник записи _0
a Страна RU
b Организация Ульяновская ОНБ
c Дата составления 19931021
g Правила каталогизации PSBO
801 Источник записи _1
a Страна RU
b Организация Ульяновская ОНБ
c Дата составления 20031120
901 Тип документа __
t Тип документа m
938 Служебная информация __
a Имя БД books
b Имя библиотеки УОНБ
c Имя АИБС МАРК-SQL
d Номер DOC_ID в БД 134750